00501nam a2200169Ia 4500003000900000008004100009020001800050040001600068080001900084100001600103245009000119260003300209300001500242650004100257650002000298650001300318IN-BaIIA211028s9999 xx 000 0 eng d a0-08-029330-1 cIIA Library a524.728bALL-3 aAllen, B. J 0aNeutron radiative capturecB. J Allen  aOxfordbPergamon Pressc1984 axiv, 270p. aAstronomy and astrophysics thesaurus aNeutron physics aNeutrons